International economics (Record no. 369719)

000 -LEADER
fixed length control field 00368cam a22001337a 4500
008 - FIXED-LENGTH DATA ELEMENTS--GENERAL INFORMATION
fixed length control field 180718b1965 xxu||||| |||| 00| 0 eng d
082 ## - DEWEY DECIMAL CLASSIFICATION NUMBER
Classification number T39 K868i
100 ## - MAIN ENTRY--PERSONAL NAME
Personal name Krause, Walter
245 ## - TITLE STATEMENT
Title International economics
Statement of responsibility, etc. by Walter Krause
260 ## - PUBLICATION, DISTRIBUTION, ETC.
Place of publication, distribution, etc. London
Name of publisher, distributor, etc. Constable
Date of publication, distribution, etc. 1965
300 ## - PHYSICAL DESCRIPTION
Extent 672p.
650 ## - SUBJECT ADDED ENTRY--TOPICAL TERM
Topical term or geographic name entry element International Economic Relations
650 ## - SUBJECT ADDED ENTRY--TOPICAL TERM
Topical term or geographic name entry element Foreign Commerce
Holdings
Withdrawn status Lost status Damaged status Not for loan Permanent Location Current Location Date acquired Full call number Barcode Date last seen Price effective from Koha item type
        Indian Institute of Public Administration Indian Institute of Public Administration 1994-06-02 T39 K868i 38562 2018-07-21 2018-07-21 Book

Powered by Koha